Business ethics : (Record no. 121103)
[ view plain ]
| 000 -LEADER | |
|---|---|
| fixed length control field | 01007cam a2200325 a 4500 |
| 001 - CONTROL NUMBER | |
| control field | 193655 |
| 003 - CONTROL NUMBER IDENTIFIER | |
| control field | ARRUPE |
| 005 - DATE AND TIME OF LATEST TRANSACTION | |
| control field | 20141008121007.0 |
| 008 - FIXED-LENGTH DATA ELEMENTS--GENERAL INFORMATION | |
| fixed length control field | 831207s1984 nyua b 000 0 eng |
| 010 ## - LIBRARY OF CONGRESS CONTROL NUMBER | |
| LC control number | 83011345 |
| 020 ## - INTERNATIONAL STANDARD BOOK NUMBER | |
| International Standard Book Number | 0070293139 : |
| Terms of availability | $24.95 |
| 035 ## - SYSTEM CONTROL NUMBER | |
| System control number | (OCoLC)9620140 |
| 035 ## - SYSTEM CONTROL NUMBER | |
| System control number | (OCoLC)ocm09620140 |
| 035 ## - SYSTEM CONTROL NUMBER | |
| System control number | (CStRLIN)NYCG83-B69136 |
| 035 ## - SYSTEM CONTROL NUMBER | |
| System control number | (NNC)193655 |
| 040 ## - CATALOGING SOURCE | |
| Modifying agency | CStRLIN |
| Transcribing agency | cbc |
| 050 0# - LIBRARY OF CONGRESS CALL NUMBER | |
| Classification number | HF5387 |
| Item number | .B873 1984 |
| 082 0# - DEWEY DECIMAL CLASSIFICATION NUMBER | |
| Classification number | 174/.4 |
| Edition number | 19 |
| 090 ## - LOCALLY ASSIGNED LC-TYPE CALL NUMBER (OCLC); LOCAL CALL NUMBER (OCLC) | |
| Classification number (OCLC) (R) ; Classification number, CALL (RLIN) (NR) | HF5387 |
| Local cutter number (OCLC) ; Book number/undivided call number, CALL (RLIN) | .B873 1984 |
| 300 ## - PHYSICAL DESCRIPTION | |
| Other physical details | ill. ; |
| Dimensions | 25 cm. |
| 245 00 - TITLE STATEMENT | |
| Title | Business ethics : |
| Remainder of title | readings and cases in corporate morality / |
| Statement of responsibility, etc | [compiled by] W. Michael Hoffman, Jennifer Mills Moore. |
| 260 ## - PUBLICATION, DISTRIBUTION, ETC. (IMPRINT) | |
| Place of publication, distribution, etc | New York : |
| Name of publisher, distributor, etc | McGraw-Hill, |
| Date of publication, distribution, etc | c1984. |
| 300 ## - PHYSICAL DESCRIPTION | |
| Extent | x, 526 p. : |
| 504 ## - BIBLIOGRAPHY, ETC. NOTE | |
| Bibliography, etc | Includes bibliographies. |
| 650 #0 - SUBJECT ADDED ENTRY--TOPICAL TERM | |
| Topical term or geographic name as entry element | Business ethics. |
| 9 (RLIN) | 12111 |
| 650 #0 - SUBJECT ADDED ENTRY--TOPICAL TERM | |
| Topical term or geographic name as entry element | Business ethics |
| Form subdivision | Case studies. |
| 9 (RLIN) | 12112 |
| 700 1# - ADDED ENTRY--PERSONAL NAME | |
| Personal name | Hoffman, W. Michael. |
| 9 (RLIN) | 12113 |
| 700 1# - ADDED ENTRY--PERSONAL NAME | |
| Personal name | Moore, Jennifer Mills. |
| 9 (RLIN) | 12114 |
| 942 ## - ADDED ENTRY ELEMENTS (KOHA) | |
| Source of classification or shelving scheme | Library of Congress Classification |
| Koha item type | Monograph ( Printed materials) |
| Withdrawn status | Lost status | Source of classification or shelving scheme | Damaged status | Not for loan | Collection code | Home library | Current library | Shelving location | Date acquired | Total Checkouts | Full call number | Barcode | Date last seen | Date checked out | Price effective from | Koha item type |
|---|---|---|---|---|---|---|---|---|---|---|---|---|---|---|---|---|
| Library of Congress Classification | Main Collection | ARRUPE LIBRARY | ARRUPE LIBRARY | Main Collection | 08/10/2014 | 3 | HF5387 .B873 1990 | 46500003818 | 14/03/2023 | 18/01/2023 | 08/10/2014 | Monograph ( Printed materials) |